Normal view
MARC view
- Flannery, Brian P.
Entry Personal Name
001 - CONTROL NUMBER
- control field: 8733
003 - CONTROL NUMBER IDENTIFIER
- control field: NUST
005 - DATE AND TIME OF LATEST TRANSACTION
- control field: 20180118123341.0
008 - FIXED-LENGTH DATA ELEMENTS
- fixed length control field: 180118|| aca||aabn | a|a d
040 ## - CATALOGING SOURCE
- Original cataloging agency: NUST
- Transcribing agency: NUST
100 ## - HEADING--PERSONAL NAME
- Personal name: Flannery, Brian P.
670 ## - SOURCE DATA FOUND
- Source citation: Work cat.: (NUST)29808: Press, William H. 1811, Numerical recipes 3rd edition :, 2007.
